| 000 | 00380nam a22001457a 4500 | ||
|---|---|---|---|
| 020 | _qPB. | ||
| 040 | _cFIZZA ISHAQ | ||
| 082 |
_a980 _bPAU |
||
| 100 |
_aDR.PAUL B.GOODWIN JR. _9134293 |
||
| 245 |
_aGLOBAL STUDIES LATIN AMERICA / _cDR.PAUL B.GOODWIN JR. |
||
| 250 | _a11th ED. | ||
| 260 |
_aNEW YORK ; _bMcGRAW HILL, _c2004. |
||
| 300 |
_a239 P. ; _c11.1X8.5IN |
||
| 942 |
_2ddc _cBK |
||
| 999 |
_c617267 _d617267 |
||